[Event "Chess Attack-serien Eliteserien 2010-201"]
[Site "Haraldsheim, Oslo"]
[Date "2011.04.03"]
[Round "9"]
[White "Tallaksen, Levi André"]
[Black "Gabrielsen, Trond"]
[Result "1/2-1/2"]
[WhiteElo "2151"]
[BlackElo "2240"]
[PlyCount "60"]
[EventDate "2010.??.??"]

1. d4 Nf6 2. Nf3 g6 3. Nbd2 d5 4. e3 Bg7 5. Bd3 O-O 6. O-O Nbd7 7. Re1 c5 8. b3
b6 9. Bb2 Bb7 10. c4 e6 11. Rc1 Rc8 12. Bb1 Qe7 13. Qe2 Rfd8 14. Red1 h6 15. e4
dxe4 16. Nxe4 cxd4 17. Bxd4 Nxe4 18. Bxe4 Bxe4 19. Qxe4 Nc5 20. Qc2 Bxd4 21.
Nxd4 Qf6 22. Nb5 a6 23. Nc3 a5 24. h3 Qg5 25. Rxd8+ Rxd8 26. Rd1 Kh7 27. Nb5
Qf5 28. Qe2 Nd3 29. Qc2 Nc5 30. Qe2 Nd3 1/2-1/2

[Event "Chess Attack-serien Eliteserien 2010-201"]
[Site "Haraldsheim, Oslo"]
[Date "2011.04.03"]
[Round "9"]
[White "Nilsen, Joachim B"]
[Black "Hobber, Anders"]
[Result "1/2-1/2"]
[WhiteElo "2194"]
[BlackElo "2093"]
[PlyCount "48"]
[EventDate "2010.??.??"]

1. e4 e5 2. Nf3 Nc6 3. Bc4 Bc5 4. O-O Nf6 5. d4 Bxd4 6. Nxd4 Nxd4 7. f4 d6 8.
fxe5 dxe5 9. Bg5 Be6 10. Na3 Qe7 11. c3 Nc6 12. Bxe6 Qxe6 13. Bxf6 gxf6 14. Qf3
O-O-O 15. Qxf6 Qxf6 16. Rxf6 Rd2 17. Rf2 Rxf2 18. Kxf2 Kd7 19. Nc4 Ke6 20. Ne3
Rd8 21. Ke2 Ne7 22. Rf1 f6 23. Nf5 Nxf5 24. Rxf5 Rg8 1/2-1/2

[Event "Chess Attack-serien Eliteserien 2010-201"]
[Site "Haraldsheim, Oslo"]
[Date "2011.04.03"]
[Round "9"]
[White "Haugli, Petter"]
[Black "Bae, Torstein"]
[Result "*"]
[WhiteElo "2240"]
[BlackElo "2393"]
[PlyCount "104"]
[EventDate "2010.??.??"]

1. d4 Nf6 2. c4 c5 3. d5 e6 4. Nc3 d6 5. Nf3 g6 6. e4 Bg7 7. Be2 O-O 8. Bf4
exd5 9. cxd5 Bg4 10. h3 Bxf3 11. Bxf3 Ne8 12. O-O Nd7 13. Qd2 a6 14. a4 Qa5 15.
Bh6 Nc7 16. Bxg7 Kxg7 17. Be2 Qb4 18. a5 b5 19. axb6 Nxb6 20. Qd3 Rae8 21. Qg3
c4 22. f4 f5 23. exf5 Nbxd5 24. Bg4 Qc5+ 25. Kh1 Ne3 26. Rfe1 Nxf5 27. Bxf5
Qxf5 28. Rxe8 Rxe8 29. Qf2 d5 30. Qc5 Qf7 31. Rd1 Rd8 32. Qd4+ Kg8 33. Qe5 Rd7
34. Qe3 h6 35. f5 Qxf5 36. Qxh6 d4 37. Ne2 Ne6 38. Ng3 Qg5 39. Qxg5 Nxg5 40. h4
Ne6 41. Ne4 Kg7 42. Ra1 Nf4 43. Rxa6 Nd3 44. Rb6 Rc7 45. g4 Re7 46. Nd6 Re1+
47. Kg2 Ne5 48. Kf2 Rc1 49. Kg3 d3 50. Ne4 Re1 51. Kf4 Rxe4+ 52. Kxe4 d2 *

[Event "Chess Attack-serien Eliteserien 2010-201"]
[Site "Haraldsheim, Oslo"]
[Date "2011.04.03"]
[Round "9"]
[White "Kjølberg, Lars"]
[Black "Johansen, Paul"]
[Result "1/2-1/2"]
[WhiteElo "2074"]
[BlackElo "2023"]
[PlyCount "118"]
[EventDate "2010.??.??"]

1. d4 d5 2. Nf3 c6 3. c4 e6 4. e3 Nf6 5. b3 Nbd7 6. Bb2 Qa5+ 7. Nbd2 Ne4 8. Bd3
Bb4 9. a3 Nxd2 10. Nxd2 Bxd2+ 11. Qxd2 Qxd2+ 12. Kxd2 O-O 13. Rac1 f5 14. g3 g6
15. f3 Nf6 16. b4 Bd7 17. c5 a6 18. h4 Kg7 19. Ke2 h6 20. Rh2 Rh8 21. Rch1 g5
22. hxg5 hxg5 23. Bc3 Rxh2+ 24. Rxh2 Be8 25. Be1 Bg6 26. Kf2 Nh5 27. f4 Nf6 28.
Ke2 Ng4 29. Rh1 Kf6 30. Bd2 gxf4 31. gxf4 Kg7 32. Be1 Rh8 33. Rxh8 Kxh8 34. a4
Be8 35. Kf3 Kg7 36. Bd2 Nf6 37. Be1 Bh5+ 38. Kg3 Be8 39. Kh4 Kg6 40. Be2 Kh6
41. Kg3 Bh5 42. Bd3 Ng4 43. b5 axb5 44. axb5 Be8 45. b6 Bd7 46. Kf3 Nf6 47. Bh4
Ne4 48. Kg2 Nc3 49. Kf3 Ne4 50. Be1 Nf6 51. Ba6 Bc8 52. Be2 Ng4 53. Bh4 Kg6 54.
Bd8 Bd7 55. Be7 Bc8 56. Bd6 Bd7 57. Be5 Bc8 58. Kg3 Nxe3 59. Kh4 Ng4 1/2-1/2

[Event "Chess Attack-serien Eliteserien 2010-201"]
[Site "Haraldsheim, Oslo"]
[Date "2011.04.03"]
[Round "9"]
[White "Johannessen, Leif E"]
[Black "Stojanovic, Mihajlo"]
[Result "0-1"]
[WhiteElo "2497"]
[BlackElo "2187"]
[PlyCount "94"]
[EventDate "2010.??.??"]

1. c4 Nf6 2. Nc3 e5 3. Nf3 Nc6 4. g3 Bb4 5. Bg2 O-O 6. O-O d6 7. d3 h6 8. Nd5
Bc5 9. Nxf6+ Qxf6 10. Nd2 Bf5 11. Ne4 Qe6 12. Re1 Bb4 13. Bd2 Bxd2 14. Qxd2 Ne7
15. Rac1 c6 16. Qb4 Bxe4 17. dxe4 a5 18. Qb6 c5 19. Red1 Nc6 20. Qxb7 Nd4 21.
Rd2 Rfb8 22. Qd5 Qg4 23. Kf1 Ra6 24. h3 Qc8 25. e3 Ne6 26. Qd3 Nc7 27. Qe2 Ne8
28. Kg1 Rab6 29. Rcc2 Qd7 30. Kh2 Nf6 31. Qf3 R8b7 32. Qf5 Qe7 33. h4 g6 34.
Qf3 Kg7 35. Bh3 Qe8 36. Qg2 Qa4 37. a3 Qe8 38. f3 Qd8 39. Re2 Qb8 40. f4 Qe8
41. Qf3 Rb3 42. Bg2 Qb8 43. fxe5 dxe5 44. Rf2 R7b6 45. Rce2 h5 46. Bh3 Qb7 47.
g4 Nxe4 0-1

[Event "Chess Attack-serien Eliteserien 2010-2011"]
[Site "Haraldsheim, Oslo"]
[Date "2011.04.03"]
[Round "9"]
[White "Madsen, Dag"]
[Black "Trygstad, Kristian D."]
[Result "0-1"]
[WhiteElo "2191"]
[BlackElo "2329"]
[PlyCount "68"]
[EventDate "2010.??.??"]

1. Nf3 e6 2. d4 f5 3. g3 Nf6 4. Bg2 Be7 5. c4 O-O 6. O-O d6 7. Nc3 Ne4 8. Nxe4
fxe4 9. Nd2 d5 10. f3 Nc6 11. fxe4 Rxf1+ 12. Nxf1 dxc4 13. Be3 e5 14. d5 Na5
15. Qe1 b6 16. Qc3 Qd6 17. Nd2 Ba6 18. Bh3 Bf6 19. Be6+ Kh8 20. g4 Nc6 21. Nf3
Re8 22. g5 Nd4 23. gxf6 Nxe2+ 24. Kh1 Nxc3 25. fxg7+ Kxg7 26. Rg1+ Kh8 27. Bh6
Rxe6 28. Bg7+ Kg8 29. Bxe5+ Rg6 30. Bxd6 Nxe4 31. Rxg6+ hxg6 32. Bxc7 Bb7 33.
Kg1 Bxd5 34. Kf1 Nc5 
0-1

[Event "Chess Attack-serien Eliteserien 2010-201"]
[Site "Haraldsheim, Oslo"]
[Date "2011.04.03"]
[Round "9"]
[White "Langmyhr, Tore"]
[Black "Kovachev, Daniel Jakobsen"]
[Result "0-1"]
[WhiteElo "1836"]
[BlackElo "2319"]
[PlyCount "98"]
[EventDate "2010.??.??"]

1. c4 e5 2. Nf3 d6 3. d4 e4 4. Nfd2 f5 5. e3 Nf6 6. Nc3 g6 7. Be2 Bg7 8. O-O
O-O 9. b3 c5 10. Ndb1 Qe7 11. a3 Nc6 12. Nd5 Nxd5 13. cxd5 Nd8 14. Bb2 Nf7 15.
Ra2 Bd7 16. dxc5 dxc5 17. Bxg7 Kxg7 18. a4 Nd6 19. Na3 h5 20. Nc4 h4 21. Qa1+
Rf6 22. Qe5 Kf8 23. Qxe7+ Kxe7 24. f3 exf3 25. gxf3 g5 26. Bd3 Raf8 27. Ne5 Nf7
28. f4 gxf4 29. Nxf7 R8xf7 30. Rxf4 Rg7+ 31. Rg2 Rg4 32. Rgxg4 fxg4 33. Rxf6
Kxf6 34. Kf2 Ke5 35. e4 c4 36. bxc4 Bxa4 37. Ke3 b6 38. Be2 g3 39. hxg3 hxg3
40. Bf3 Be8 41. Bg2 a5 42. Kd3 Bg6 43. Ke3 a4 44. Kd2 a3 45. Kc3 Bxe4 46. d6
Bf5 47. Kb3 Kxd6 48. Kxa3 Kc5 49. Kb3 Bd7 0-1

[Event "Chess Attack-serien Eliteserien 2010-2011"]
[Site "Haraldsheim, Oslo"]
[Date "2011.04.03"]
[Round "9"]
[White "Stubberud, Ørnulf"]
[Black "Solbu, Lasse T."]
[Result "1-0"]
[WhiteElo "2314"]
[BlackElo "1760"]
[PlyCount "53"]
[EventDate "2010.??.??"]

1. e4 e6 2. d4 d5 3. Nd2 Nf6 4. e5 Nfd7 5. Bd3 c5 6. c3 Nc6 7. Ne2 cxd4 8. cxd4
Bb4 9. O-O O-O 10. Nf3 f6 11. exf6 Nxf6 12. Ng3 Bd6 13. Re1 Qc7 14. Bd2 e5 15.
dxe5 Nxe5 16. Nxe5 Bxe5 17. Rc1 Qd6 18. Qb3 a5 19. Bc3 Bf4 20. Rc2 Bg4 21. Bd4
Rfe8 22. Rf1 h5 23. Bxf6 Qxf6 24. Qxd5+ Be6 25. Qxh5 Bxg3 26. Qh7+ Kf7 27. fxg3
1-0